MDQL
is popping MORE tags! Check the
thread
!
Quizzes
Events
Quiz Creation
Community
Videos
Private Events
Remove Ads
Sign In
Join for FREE
Feedback
Dark Mode
Quiz Categories
Sports
Geography
Music
Movies
Television
Just For Fun
Miscellaneous
History
Literature
Language
Science
Gaming
Entertainment
Religion
Holiday
For Kids
Quiz Lab
Recent
Popular Today
Quiz Kudos Today
Editor Picks
Curator Picks
Quizzes by...
Day
Popularity
Type
Ratings
Length
Year
Community
Subscriptions
Recent Discussions
Orange Saloon
Badges
Playlists
Quests
Create
Leaderboards
Showdown
Live 5
Trivia Bingo
Activity
Puzzle Library
Sporcle Events
Private Events
Virtual Trivia
Globe League
Become a Host
Pub Owners
SporcleCon
Opinionation
Our Games
Videos
Blog
Mobile Apps
Partnerships
Remove Ads and Go Orange
Feedback
Sports
Athletes
MLB
NBA
NHL
NFL
Soccer
Sports Teams
WWE
NCAA
Football
Premier League
Basketball
Baseball
Hockey
Golf
Tennis
Cricket
Rugby
Auto Racing
Olympics
World Cup
Sports
Athletes
MLB
NBA
NHL
NFL
Soccer
Sports Teams
WWE
NCAA
Football
Premier League
Basketball
Baseball
Hockey
Golf
Tennis
Cricket
Rugby
Auto Racing
Olympics
World Cup
Random Quiz
Search Sporcle
×
Quiz Lab
Quiz Lab
Sports
Football
Type in answers that appear in a list
Type in answers that appear in a list
Classic
Best Score? Go Orange.
CFB National Champs (1869-2023) Stats
Can you name the schools that have been named National Champions of College Football by at least one major selector since 1869?
By
ehsnewell89
20m
205 Questions
1,035 Plays
1,035 Plays
1,035 Plays
Comments
Comments
Give Quiz Kudos
Give Quiz Kudos
-
- Ratings
hide this ad
More Info
Replay
Link that replays current quiz
Next Quiz
Link to next quiz in quiz playlist
You Got
0%
They Got
Avg Score
82%
Avg Friend Score
Upgrade to see
Score Distribution
Jump to the score distribution portion of the page
Score
0/205
Timer
20:00
3
Plays Today
Year
National Champ(s)
% Correct
1871
None
100%
1925
Alabama
97.2%
1926
Alabama
97.2%
1934
Alabama
97.2%
1961
Alabama
97.2%
1964
Alabama
97.2%
1965
Alabama
97.2%
1973
Alabama
97.2%
1978
Alabama
97.2%
1979
Alabama
97.2%
1992
Alabama
97.2%
2009
Alabama
97.2%
2011
Alabama
97.2%
2012
Alabama
97.2%
2015
Alabama
97.2%
2020
Alabama
96.7%
1942
Ohio State
95.7%
1954
Ohio State
95.7%
1957
Ohio State
95.7%
1961
Ohio State
95.7%
1968
Ohio State
95.7%
1970
Ohio State
95.7%
2002
Ohio State
95.7%
2014
Ohio State
95.7%
1930
Alabama
95.4%
2021
Georgia
95.3%
1981
Clemson
95.2%
1996
Florida
95.2%
2006
Florida
95.2%
2008
Florida
95.2%
2016
Clemson
95.2%
2017
Alabama
94.8%
2019
LSU
94.8%
2018
Clemson
94.7%
2022
Georgia
93.9%
1958
LSU
93.7%
2003
LSU
93.7%
2007
LSU
93.7%
1901
Michigan
93.6%
1902
Michigan
93.6%
1918
Michigan
93.6%
1933
Michigan
93.6%
1947
Michigan
93.6%
1948
Michigan
93.6%
1963
Texas
93.6%
1969
Texas
93.6%
1970
Texas
93.6%
1997
Michigan
93.6%
2005
Texas
93.6%
1927
Georgia
93.5%
1931
Southern California
93.5%
1932
Southern California
93.5%
1942
Georgia
93.5%
1962
Southern California
93.5%
1967
Southern California
93.5%
1972
Southern California
93.5%
1974
Southern California
93.5%
1980
Georgia
93.5%
2003
Southern California
93.5%
2004
Vacated
93.4%
1993
Florida State
93%
1999
Florida State
93%
2013
Florida State
93%
2023
Michigan
92.6%
1950
Oklahoma
91.5%
1955
Oklahoma
91.5%
1956
Oklahoma
91.5%
1974
Oklahoma
91.5%
1975
Oklahoma
91.5%
Year
National Champ(s)
% Correct
1985
Oklahoma
91.5%
2000
Oklahoma
91.5%
1983
Miami (FL)
89.5%
1987
Miami (FL)
89.5%
1989
Miami (FL)
89.5%
1991
Miami (FL)
89.5%
2001
Miami (FL)
89.5%
1957
Auburn
88.4%
2010
Auburn
88.4%
1875
Harvard
87.3%
1890
Harvard
87.2%
1898
Harvard
87.2%
1899
Harvard
87.2%
1910
Harvard
87.2%
1912
Harvard
87.2%
1913
Harvard
87.2%
1919
Harvard
87.2%
1970
Nebraska
87.2%
1971
Nebraska
87.2%
1994
Nebraska
87.2%
1995
Nebraska
87.2%
1997
Nebraska
87.2%
1874
Yale
86.8%
1876
Yale
86.8%
1877
Yale
86.8%
1880
Yale
86.8%
1881
Yale
86.8%
1882
Yale
86.8%
1883
Yale
86.8%
1884
Yale
86.8%
1886
Yale
86.8%
1887
Yale
86.8%
1888
Yale
86.8%
1891
Yale
86.8%
1892
Yale
86.8%
1894
Yale
86.8%
1900
Yale
86.8%
1905
Yale
86.8%
1906
Yale
86.8%
1907
Yale
86.8%
1909
Yale
86.8%
1919
Notre Dame
86.7%
1924
Notre Dame
86.7%
1929
Notre Dame
86.7%
1930
Notre Dame
86.7%
1943
Notre Dame
86.7%
1946
Notre Dame
86.7%
1947
Notre Dame
86.7%
1949
Notre Dame
86.7%
1964
Notre Dame
86.7%
1966
Notre Dame
86.7%
1973
Notre Dame
86.7%
1977
Notre Dame
86.7%
1978
Notre Dame
86.7%
1988
Notre Dame
86.7%
1895
Pennsylvania
86.3%
1897
Pennsylvania
86.3%
1904
Pennsylvania
86.3%
1908
Pennsylvania
86.3%
1872
Yale
85.7%
1952
Michigan State
83.8%
1965
Michigan State
83.8%
1966
Michigan State
83.8%
1938
Tennessee
83.1%
1951
Tennessee
83.1%
1998
Tennessee
83.1%
1954
UCLA
82.9%
1991
Washington
82.1%
1982
Penn State
81.4%
Year
National Champ(s)
% Correct
1986
Penn State
81.4%
1869
Princeton
80.5%
1870
Princeton
80.5%
1872
Princeton
80.5%
1873
Princeton
80.5%
1874
Princeton
80.5%
1875
Princeton
80.5%
1877
Princeton
80.5%
1878
Princeton
80.5%
1879
Princeton
80.5%
1880
Princeton
80.5%
1881
Princeton
80.5%
1884
Princeton
80.5%
1885
Princeton
80.5%
1886
Princeton
80.5%
1889
Princeton
80.5%
1893
Princeton
80.5%
1896
Princeton
80.5%
1899
Princeton
80.5%
1903
Princeton
80.5%
1906
Princeton
80.5%
1911
Princeton
80.5%
1922
Princeton
80.5%
1990
Colorado
75.8%
1917
Georgia Tech
75.5%
1928
Georgia Tech
75.5%
1990
Georgia Tech
75.5%
1919
Texas A&M
75.2%
1939
Texas A&M
75.2%
1914
Army West Point
74.2%
1944
Army West Point
74.2%
1945
Army West Point
74.2%
1946
Army West Point
74.2%
1960
Mississippi
74.1%
1958
Iowa
71.4%
1934
Minnesota
71.2%
1935
Minnesota
71.2%
1936
Minnesota
71.2%
1940
Minnesota
71.2%
1941
Minnesota
71.2%
1960
Minnesota
71.2%
1984
BYU
69.4%
1920
California
68.8%
1921
California
68.8%
1922
California
68.8%
1916
Pittsburgh
68.4%
1918
Pittsburgh
68.4%
1937
Pittsburgh
68.4%
1976
Pittsburgh
68.4%
2017
UCF
67.7%
1964
Arkansas
67%
1926
Stanford
66.2%
1938
TCU
65.6%
1959
Syracuse
63.3%
1945
Oklahoma State
63.2%
1869
Rutgers
63.2%
1953
Maryland
62.9%
1919
Illinois
62.7%
1923
Illinois
62.7%
1927
Illinois
62.7%
1915
Cornell
56.9%
1921
Cornell
56.9%
1925
Dartmouth
53.8%
1935
SMU
47.3%
1905
Chicago
39.6%
1896
Lafayette
29.4%
1899
Sewanee
13.9%
Quiz Playlist
Details
Report
Send in Message
Add To Playlist
More Info:
Years with more than one answer indicates a split national championship
Classic:
Type in answers that appear in a list
Last Updated: Jan 28, 2024
Quiz Scoreboard
CHALLENGE
Sign Up to Join the Scoreboard
Show All
Scores
Hide
Comments
May contain spoilers
Recently Published
1-10 Letter E Words III
by El_Dandy
Language
2m
Street Fighter Characters
by Artimus82
Gaming
60s
College Basketball Coaching Resumes
by pancakes188
Sports
9m
More to Explore
Quiz From the Vault
Featured Blog Post
Where Did the Easter Bunny Come From?
hide this ad
You Might Also Like...
Tags
College Quiz
Football Quiz
cfb
champ
major
national
Today's Top Quizzes in Sports
Browse Sports
hide this ad
Today's Top Quizzes in Football
Browse Football
Top Contributed Quizzes in Sports
1
2022 World Cup Stars
2
Les meilleurs buteurs des matchs entre le PSG et l’OM
3
FIFA Club World Cup Champions
4
Les entraîneurs de l'OM et du PSG au 21e siècle
5
Criteria MLB: Left Handed Sluggers
6
2023 MLB Unique Player Accomplishments
7
AFC Teams Reveal (Wrong Answers Minefield)
8
Players with Multiple 50 Home Run Seasons
9
5-to-1: FBS Animal Nicknames
10
5-to-1: UK Sports Teams
Explore More
Trending Topics
Disney
Harry Potter
Kpop
Anime
Crossword
Marvel
NBA
Song
Country
Soccer
The Office
Puzzle
WWE
NFL
Pokémon
hide this ad
More By:
ehsnewell89
Quiz
Plays
Rating
Category
Featured
Created
College World Series 1983-2023
3,063
4.82
Sports
Jun 23, 2016
2018 College Baseball Regionals
1,702
5.00
Sports
Jun 10, 2018
2020 NFL Draft
1,593
3.33
Sports
Apr 26, 2020
2021 Summer Olympic Nations
1,079
4.75
Sports
Jul 23, 2021
CFB National Champs (1869-2023)
1,035
4.33
Sports
Jan 15, 2017
Go to Creator's Profile
Score Distribution
Quiz Creator Spotlight
ehsnewell89
Follow
Send a Message
Quizzes Created
-
Created Quiz Play Count
-
More By This Creator
Popular Quizzes Today
1
Find the US States - No Outlines Minefield
2
Find the Countries of Europe - No Outlines Minefield
3
The Countries of the World
4
Find the US States
5
Risky Map Clicking: Biggest States A-Z
6
US States
7
Popular People in 1961
8
Movies - When Are They Set?
More Sports Quizzes
Astros Yearly Top 5 HR's
Quiz Lab
Trending Quizzes
Risky Map Clicking: Least Populous States A-Z
1-10 Letter G Words
1-10 Letter F Words
Countries of the World: 200 Million BC
Risky Map Clicking: Next State Alphabetically
Recently Updated
Beyoncé Albums
pecheneg
Leaping Animals
pecheneg
Reality TV Shows (A-Z)
bhenderson79
Rickey Henderson's Hall of Fame Teammates
pecheneg
Champions League XIs: Arsenal
pecheneg
Quick Pick: Celebrities in WWE's Hall of Fame
aduchscher
A-Z Keypad Blitz II
pecheneg
Multiple Oscar Actors
pecheneg
Mystery Phrase Blitz: Oscar 'Best Actors'
pecheneg
F. Scott Fitzgerald Novels
LTH
Trending Topics
Marvel
Disney
Harry Potter
Anime
Kpop
NBA
Crossword
Song
NFL
Pokémon
Soccer
Country
Puzzle
WWE
The Office
Your Account Isn't Verified!
In order to create a playlist on Sporcle, you need to verify the email address you used during registration. Go to your
Sporcle Settings
to finish the process.
Report this User
Report this user for behavior that violates our
Community Guidelines
.
Details:
Send Report
Go to the Sporcle.com Mobile Site →
Comments